Statistiken für Fußball: Alle UEFA Champions League Teams (2023/24)

Klicken Sie hier um das Quiz zu spielen!

Allgemein

  • Dieses Quiz wurde 302 mal gespielt
  • Das Durchschnittsergebnis liegt bei 24 aus 32

Antwortstatistiken

GruppeTeam% Korrekt
ABayern München
99%
FDortmund
98%
CReal Madrid
97%
GManchester City
95%
FPSG
95%
FAC Mailand
94%
HBarcelona
93%
DInter Mailand
93%
GRB Leipzig
93%
AManchester United
92%
CUnion Berlin
87%
AKopenhagen
82%
BArsenal
81%
AGalatasaray
81%
FNewcastle
81%
CSSC Neapel
80%
EAtletico Madrid
74%
HPorto
73%
DBenfica
72%
BPSV Eindhoven
66%
BFC Sevilla
65%
DRB Salzburg
58%
GYoung Boys Bern
57%
BRC Lens
55%
GRoter Stern Belgrad
55%
ELazio Rom
54%
CSporting Braga
52%
HShakthar Donezk
50%
EFeyenoord
49%
ECeltic Glasgow
45%
DReal Sociedad
43%
HRoyal Antwerpen
41%

Verteilung der Resultate

Perzentil nach korrekt beantworteten Fragen

Anzahl Personen mit jedem Resultat

Ihre Resultats-Entwicklung

Sie haben dieses Quiz noch nicht gespielt